| 000 | 00460nam a2200181Ia 4500 | ||
|---|---|---|---|
| 001 | 14804 | ||
| 005 | 20260306164941.0 | ||
| 008 | 260306t1996||||xx |||||||||||||| ||spa|| | ||
| 041 | _aESP | ||
| 082 |
_a519.3 _bS47 |
||
| 100 |
_aShubik, Martín _eAUT |
||
| 245 | 0 |
_aTeoría de juegos en las ciencias sociales: _bconceptos y soluciones |
|
| 260 | _c1996 | ||
| 300 |
_a461 páginas : _c23 cm. |
||
| 650 | _aGEN | ||
| 654 | _aCMA | ||
| 942 |
_cLIB _dJUS _fJUS _2ddc _n |
||
| 999 |
_c14804 _d14804 |
||